Piłkarze Reprezentacji Nigerii - nagła śmierć - Statystyki

Ogólne statystyki
  • Ten quiz został rozwiązany 29 razy
  • Średni wynik to 6 z 9
Answers on the Grid
Answers color-coded by a green-red scale on the quiz's grid according to % correct below.
Joël Matip
Emmanuel Emenike
Cédric Bakambu
Victor Osimhen
Michael Essien
Kelechi Iheanacho
Taiwo Awoniyi
Mohammed Kudus
Odion Ighalo
Seydou Doumbia
John Obi Mikel
Brown Ideye
Yannick Bolasie
Ademola Lookman
Alex Iwobi
 
Statystyki odpowiedzi
Odpowiedź % Poprawnych
John Obi Mikel
88%
Alex Iwobi
83%
Victor Osimhen
83%
Ademola Lookman
79%
Kelechi Iheanacho
67%
Taiwo Awoniyi
67%
Odion Ighalo
63%
Emmanuel Emenike
58%
Brown Ideye
54%
Nie znaleziono quizów pasujących do podanych kryteriów
Rozkład punktacji
Procent ludzi z każdym wynikiem
Percentyl według liczby udzielonych odpowiedzi
Twoja historia wyników
Nie rozwiązałeś tego quizu